Circuit theory an analysis and synthesis

Сохранить в:
Библиографические подробности
Главный автор: CHARABARTI, Abhijit
Формат:
Язык:английский
Опубликовано: Gagan Kapur Dhanpat Rai Publishers 2015
Метки: Добавить метку
Нет меток, Требуется 1-ая метка записи!

MARC

LEADER 00000nam a22000007a 4500
008 240124b |||||||| |||| 00| 0 eng d
020 |a 5th 
100 |a CHARABARTI, Abhijit 
245 |a Circuit theory  |b an analysis and synthesis  |c /Abhijit Chakrabarti  |g xv, 1009p 
250 |b 7th 
260 |b Gagan Kapur Dhanpat Rai Publishers  |c 2015  |h New Delhi  |i 701941  |i 701942  |l TK454.C35  |m Electric circuits  |m Electric networks 
500 |a it includes references and index 
942 |a lcc  |c BK  |e Johnson  |f 24/1/24 
952 |0 0  |1 0  |2 lcc  |4 0  |6 TK0454 C35  |7 0  |9 4824  |a TL  |b HOL  |c QZ  |d 2024-01-24  |l 0  |o TK454.C35  |p 2024-0077  |r 2024-01-24 00:00:00  |t 701941  |w 2024-01-24  |y BK 
952 |0 0  |1 0  |2 lcc  |4 0  |6 TK0454 C35  |7 0  |9 4825  |a HOL  |b HOL  |c QZ  |d 2024-01-24  |l 0  |o TK454.C35  |p 2024-0078  |r 2024-01-24 00:00:00  |t 701942  |w 2024-01-24  |y BK 
999 |c 2408  |d 2408